书目信息 |
| 题名: |
建筑隔热涂料应用技术标准
|
|
| 作者: | 杨霞 起草 ;上海市建筑科学研究院公司 , 上海市绿色建筑协会 主编 | |
| 分册: | ||
| 出版信息: | 上海 同济大学出版社 2024.07 |
|
| 页数: | 50页 | |
| 开本: | 21cm | |
| 丛书名: | 上海市工程建设规范 | |
| 单 册: | ||
| 中图分类: | TU56-65 | |
| 科图分类: | ||
| 主题词: | 建筑材料--jian zhu cai liao--隔热材料--建筑涂料--技术标准--上海 | |
| 电子资源: | ||
| ISBN: | 978-7-5765-1166-6 | |
| 000 | 01465nam0 2200313 450 | |
| 001 | 94012 | |
| 005 | 20250819194816.88 | |
| 010 | @a978-7-5765-1166-6@dCNY20.00 | |
| 094 | @aCN@bDG/TJ 08-2200-2024 J 13430-2024 | |
| 100 | @a20240731d2024 em y0chiy50 ea | |
| 101 | 0 | @achi@eeng |
| 102 | @aCN@b310000 | |
| 105 | @aak l 000yy | |
| 106 | @ar | |
| 200 | 1 | @a建筑隔热涂料应用技术标准@Ajian zhu ge re tu liao ying yong ji shu biao zhun@d= Technical standard for application of thermal insulating coatings on building surface@f主编单位上海市建筑科学研究院有限公司, 上海市绿色建筑协会@zeng |
| 210 | @a上海@c同济大学出版社@d2024.07 | |
| 215 | @a50页@c图@d21cm | |
| 225 | 2 | @a上海市工程建设规范@Ashang hai shi gong cheng jian she gui fan |
| 300 | @a上海市住房和城乡建设管理委员会发布 2024-03-07发布 2024-07-01实施 | |
| 314 | @a起草人: 杨霞 ... [等] | |
| 330 | @a为规范建筑隔热涂料应用, 提高围护结构隔热保温性能, 改善室内热环境, 有效降低建筑能耗, 制定本标准。 | |
| 510 | 1 | @aTechnical standard for application of thermal insulating coatings on building surface@zeng |
| 606 | 0 | @a建筑材料@Ajian zhu cai liao@x隔热材料@x建筑涂料@x技术标准@y上海 |
| 690 | @aTU56-65@v5 | |
| 701 | 0 | @a杨霞@Ayang xia@4起草 |
| 712 | 02 | @a上海市建筑科学研究院公司@Ashang hai shi jian zhu ke xue yan jiu yuan gong si@4主编 |
| 712 | 02 | @a上海市绿色建筑协会@Ashang hai shi lv se jian zhu xie hui@4主编 |
| 801 | 0 | @aCN@c20250909 |
| 905 | @a河南城建学院图书馆@dTU56-65@eY300@f1 | |
| 建筑隔热涂料应用技术标准= Technical standard for application of thermal insulating coatings on building surface/主编单位上海市建筑科学研究院有限公司, 上海市绿色建筑协会.-上海:同济大学出版社,2024.07 |
| 50页:图;21cm.-(上海市工程建设规范) |
| 上海市住房和城乡建设管理委员会发布 2024-03-07发布 2024-07-01实施 |
| ISBN 978-7-5765-1166-6:CNY20.00 |
| 为规范建筑隔热涂料应用, 提高围护结构隔热保温性能, 改善室内热环境, 有效降低建筑能耗, 制定本标准。 |
| ● |
| 相关链接 |
|
|
|
正题名:建筑隔热涂料应用技术标准
索取号:TU56-65/Y300
 
预约/预借
| 序号 | 登录号 | 条形码 | 馆藏地/架位号 | 状态 | 备注 |
| 1 | 1627940 | 216279408 | 建筑库201/201建筑库 5排2列3层/ [索取号:TU56-65/Y300] | 在馆 |